Ultimate FRIENDS Quiz 2.0 - Statistics

General Stats
  • This quiz has been taken 23 times
  • The average score is 3 of 15
Answer Stats
Question Answer % Correct
How many times does Chandler break up with Janice? 4
100%
Where is Chandler when he accidentally sits on Jack Geller's lap? Steam room
43%
Ross struggles to make it across town to his next lecture, so what does he wear? Rollerskates
33%
How long do Monica and Chandler date before Ross finds out? 5 months
24%
Where does Rachel say is the most exciting place she's ever 'been passionate'? The foot of the bed
19%
What is the name of the cat Phoebe believes is her mother? Julio
14%
When Phoebe's husband Duncan arrives, what does Rachel have in a pan? Pigeon
14%
What is Monica's 'favourite' ingredient to cook with? Garlic
10%
What is the profession of Rachel's date, Russ (who is also Ross' doppelganger)? Periodontist
10%
When breaking in to her birth mother's home, what does Phoebe say she is really doing? Filling the icecube tray
5%
When was Phoebe's father the happiest? On his stilts
5%
What drink did Veronica (Joey's sister) make after she shot her husband? Vodka cranberry
5%
Whilst in the fourth grade, what did Chandler wear all the time? A cap with mirrors on
0%
When Chandler thinks Monica is pregnant, what does he buy the baby? An I love New York shirt
0%
What is the name of the days of our lives co-star Joey briefly dates? Cecilia Monroe
0%
No matching quizzes found
Score Distribution
Percent of People with Each Score
Percentile by Number Answered
Your Score History
You have not taken this quiz